000 00537nam a2200169 i 4500
001 165101
003 ES-MaACL
005 20230906213052.0
008 981230s1896 sp |||| | spa d
100 1 _aSeco, Gualterio M.
_9132612
245 1 0 _aTratado de derecho remuneratorio /
_cpor G. M. Seco.
260 _aMahón :
_b[s.n.],
_c1896 (
_fEstab. Tip. de Bernardo Fábregues)
300 _a322 p. ;
_c22 cm.
650 4 _aCondecoraciones-
_zEspaña.
_9157334
650 4 _aPremios.
_9170587
852 _aES-MaACL
_jF-4030
_z- Enc. hol.
999 _c165101
_d165101